Sebariadenie pre úspech a pohodu kvalita života je viacrozmerná; vyžaduje vôľu a prácu

Problematika automanažmentu (sebariadenia) a life manažmentu (riadenia života). Hľadanie individuálneho modelu pre vlastnú, osobnú kvalitu života. Biznis, podnikanie a stres. Úspech a sebadisciplína. Sebariadenie ako dobrá zdravotná prevencia. Kvalita života a zdravotný stav.

Gespeichert in:
Bibliographische Detailangaben
1. Verfasser: Burák, Emil
Format: Buchkapitel
Sprache:Slowakisch
Schlagworte:
Tags: Tag hinzufügen
Keine Tags, Fügen Sie das erste Tag hinzu!

MARC

LEADER 00000naa$a2200000$$$4500
001 0112075
005 20220725110943.3
041 0 |a slo 
044 |a SK 
245 1 0 |a Sebariadenie pre úspech a pohodu  |b kvalita života je viacrozmerná; vyžaduje vôľu a prácu  |c Emil Burák 
520 |a Problematika automanažmentu (sebariadenia) a life manažmentu (riadenia života). Hľadanie individuálneho modelu pre vlastnú, osobnú kvalitu života. Biznis, podnikanie a stres. Úspech a sebadisciplína. Sebariadenie ako dobrá zdravotná prevencia. Kvalita života a zdravotný stav. 
610 2 0 |a podnikanie 
610 2 0 |a rozhodovanie individuálne 
610 2 0 |a sebariadenie 
610 2 0 |a sebavýchova 
610 2 0 |a kvalita života 
610 2 0 |a zdravie 
610 2 0 |a úspech pracovný 
100 1 |a Burák, Emil